| 000 | 00645nam a22002057a 4500 | ||
|---|---|---|---|
| 005 | 20170819134834.0 | ||
| 010 | _aB-78845 | ||
| 020 |
_a817014888X _c160.00 |
||
| 035 | _aB-78845 | ||
| 037 | _bCL/Pub. | ||
| 082 | 1 | 4 | _a658.1 |
| 100 | 1 | _aPrasad, L.M. | |
| 245 | 1 |
_aOrganisational behaviour / _cby L. M. Prasad |
|
| 250 | _a3rd throughly rev. & enlarged ed | ||
| 260 |
_aNew Delhi _bSultan Chand _c2003(repr.) |
||
| 270 |
_a23, Daryaganj _bNew Delhi _e110 002 _k011-23243183, 011- 23247051, 011-23266105 _l011-23266357 |
||
| 300 |
_axvi,672p. _b24cm(pbk) |
||
| 500 | _aIncludes index | ||
| 942 |
_adpl _cEN _2ddc _h658.1 _mPRA |
||
| 999 |
_c143576 _d143576 |
||